Aprendizaje autorregulado, metas académicas y rendimiento en evaluaciones de estudiantes universitarios (Record no. 170341)
[ view plain ]
| 000 -CABECERA | |
|---|---|
| campo de control de longitud fija | 02812nab a2200325 a 4500 |
| 005 - FECHA Y HORA DE LA ÚLTIMA TRANSACCIÓN | |
| campo de control | 20210219162120.0 |
| 008 - ELEMENTOS DE LONGITUD FIJA--INFORMACIÓN GENERAL | |
| campo de control de longitud fija | 991125s1985 mx 000 0 spa u |
| 035 ## - NÚMERO DE CONTROL DEL SISTEMA | |
| Número de control de sistema | UPN01000198240 |
| 049 ## - COLECCIÓN | |
| Colección | ART-E |
| 100 1# - ASIENTO PRINCIPAL--NOMBRE PERSONAL | |
| Nombre de persona | Valencia Serrano, Marcela |
| 100 1# - ASIENTO PRINCIPAL--NOMBRE PERSONAL | |
| Nombre de persona | Duarte Soto, Johathan |
| 100 1# - ASIENTO PRINCIPAL--NOMBRE PERSONAL | |
| Nombre de persona | Caicedo Tamayo, Adriana María |
| 100 1# - ASIENTO PRINCIPAL--NOMBRE PERSONAL | |
| Filiación | amc@javierianacali.edu.co |
| 222 ## - TÍTULO CLAVE | |
| Título clave | PENSAMIENTO PSICOLOGICO |
| 245 ## - MENCIÓN DE TÍTULO | |
| Título | Aprendizaje autorregulado, metas académicas y rendimiento en evaluaciones de estudiantes universitarios |
| 260 ## - PUBLICACIÓN, DISTRIBUCIÓN, ETC. | |
| Lugar de publicación, distribución, etc. | Colombia |
| 300 ## - DESCRIPCIÓN FÍSICA | |
| Extensión | 53-70 |
| 362 0# - FECHAS DE PUBLICACIÓN Y/O DESIGNACIÓN SECUENCIAL | |
| Fecha de publicación y/o designación secuencial | 2013, Vol. 11, no. 2 |
| 336 ## - TIPO DE CONTENIDO | |
| Término de tipo de contenido | texto$2rdacontent |
| 337 ## - TIPO DE MEDIO | |
| Nombre/término del tipo de medio | computadora$2rdamedia |
| 338 ## - TIPO DE SOPORTE | |
| Nombre/término del tipo de soporte | recurso en linea$2rdacarrier |
| 520 ## - NOTA DE RESUMEN, ETC. | |
| Sumario, etc. | Explorar la relación entre aprendizaje autorregulado, metas académicas y rendimiento en una evaluación académica de 8 estudiantes universitarios. Método. Se realizó una entrevista semi-estructurada, una observación directa de una sesión de estudio y protocolos verbales durante y después de la sesión. Resultados. En relación con las metas académicas, se encontró que 3 estudiantes tuvieron una única orientación a metas de dominio por aproximación, mientras que 5 estudiantes se orientaron a múltiples metas académicas. Respecto al aprendizaje autorregulado, se encontraron estudiantes con bajos y altos niveles. En la relación entre aprendizaje autorregulado, metas académicas y rendimiento en la evaluación, fue posible identificar tres grupos de estudiantes: (a) altos niveles de autorregulación y orientación única a metas de dominio por aproximación, (b) bajos niveles de autorregulación y múltiple orientación a metas de dominio y ejecución en tendencias de aproximación y evitación, y (c) variaciones en el nivel de autorregulación con múltiple orientación a metas académicas. Todas las estudiantes obtuvieron calificaciones aprobatorias en la evaluación, independientemente de su nivel de autorregulación y de la orientación a metas académicas. Conclusión. El abordaje procedimental del aprendizaje autorregulado, en función de las metas académicas, permitió obtener información relevante para la comprensión de este proceso, por lo que se recomienda seguir realizando este tipo de estudios para dar cuenta de los diferentes funcionamientos de las estudiantes universitarios en tiempo real, de sus variaciones y relación con otros aspectos motivacionales involucrados en sus procesos de aprendizaje. |
| 653 0# - TERMINO DE INDIZACION - NO CONTROLADO | |
| Término no controlado | APRENDIZAJE AUTORREGULADO |
| 653 0# - TERMINO DE INDIZACION - NO CONTROLADO | |
| Término no controlado | EVALUACION |
| 653 0# - TERMINO DE INDIZACION - NO CONTROLADO | |
| Término no controlado | PROCESOS DE APRENDIZAJES |
| 653 0# - TERMINO DE INDIZACION - NO CONTROLADO | |
| Término no controlado | ESTUDIANTES UNIVERSITARIOS |
| 856 4# - LOCALIZACIÓN Y ACCESO ELECTRÓNICOS | |
| Identificador Uniforme del Recurso | <a href="http://revistas.javerianacali.edu.co/index.php/pensamientopsicologico/article/view/428/1436">http://revistas.javerianacali.edu.co/index.php/pensamientopsicologico/article/view/428/1436</a> |
| 905 ## - TIPO DE MATERIAL | |
| Tipo de material | Articulo |
No items available.
